| 000 | 00474nam a2200157Ia 4500 | ||
|---|---|---|---|
| 008 | 210716s2012 xx 000 0 und d | ||
| 020 | _a9788173717765 | ||
| 041 | _aeng | ||
| 082 | _a658.56 BHAD | ||
| 100 | _aBhattacharyya, Dipak Kumar. | ||
| 245 |
_aProduction and operations management: theory and practice. _bTheory and practice. |
||
| 250 | _a1 | ||
| 260 |
_aHyderabad _bUniversities Press _c2012 |
||
| 300 | _axii,597 | ||
| 650 | _aProduction & Operations Management | ||
| 999 |
_c207625 _d207625 |
||